| 000 | 00878nam a2200253 a 4500 | ||
|---|---|---|---|
| 999 |
_c12596 _d12596 |
||
| 001 | 12596 | ||
| 003 | BD-JhCC | ||
| 005 | 20221013082339.0 | ||
| 008 | 221011s20162021bg |||| |||| 000 0 ban d | ||
| 020 | _a9847012005309 | ||
| 035 | _a(BD-JhCC)12596 | ||
| 040 |
_aBD-JhCC _dBD-JhCC |
||
| 041 | _aBangla | ||
| 082 |
_a923 _bKAB 2021 |
||
| 100 | _aকবীর, সাজ্জাদ | ||
| 245 |
_aনোবেল পুরস্কার জনক আলফ্রেড নোবেল / _cসাজ্জাদ কবীর |
||
| 260 |
_aঢাকা : _bকথাপ্রকাশ, _c২০২১ |
||
| 300 |
_a৯৩ পৃ. : _c২১ সেমি. |
||
| 490 | _aজীবনী গ্রন্থমালা | ||
| 504 | _aগ্রন্থপঞ্জি অর্ন্তভূক্ত। | ||
| 600 | _aNobel, Alfred | ||
| 650 | _aBiography | ||
| 942 |
_2ddc _cBK |
||